| 000 | 00948nam a2200289 i 4500 | ||
|---|---|---|---|
| 001 | 000024409 | ||
| 003 | DO-SdBNP | ||
| 005 | 20251021143420.0 | ||
| 007 | ta | ||
| 008 | 110127s1998 dr r 000 0 spa d | ||
| 040 |
_aDO-SdBNP _bspa _cBNPHU _erda |
||
| 041 | _aspa | ||
| 082 | 4 |
_aRD863.44 _bA657a 1998 _222 |
|
| 100 | 1 |
_aAquino García, Miguel, _eautor _4aut. _927800 |
|
| 245 | 1 | 4 |
_aLos amores del Dios : _bnovela / _cMiguel Aquino García. |
| 250 | _aSegunda edición | ||
| 264 | 1 |
_aSanto Domingo : _bUnica, _c1998. |
|
| 300 |
_a228 páginas ; _c23 cm. |
||
| 336 |
_atexto _btxt _2rdacontent |
||
| 337 |
_asin mediación _bn _2rdamedia |
||
| 338 |
_avolumen _bnc _2rdacarrier |
||
| 590 | _aInventariado, 2025/BT | ||
| 600 | 1 | 0 |
_aTrujillo Molina, Rafael Leónidas, _d1891-1961 _vAnécdotas, chistes y sátiras, etc. _922667 |
| 650 | 4 |
_aNovela de ciencia ficción dominicana _950038 |
|
| 650 | 4 |
_aLiteratura dominicana. _967 |
|
| 942 |
_2ddc _cLBS1 |
||
| 999 |
_c23902 _d23902 |
||